Channel codes : (Record no. 18864)

MARC details
000 -LEADER
fixed length control field 00989cam a22002777a 4500
001 - CONTROL NUMBER
control field 16015711
005 - DATE AND TIME OF LATEST TRANSACTION
control field 20201128021156.0
008 - FIXED-LENGTH DATA ELEMENTS--GENERAL INFORMATION
fixed length control field 091210s2009 xxkadk frb f001 0 eng d
010 ## - LIBRARY OF CONGRESS CONTROL NUMBER
LC control number 2009279937
Canceled/invalid LC control number 2009279938
020 ## - INTERNATIONAL STANDARD BOOK NUMBER
International Standard Book Number 9780521848688 (hbk.)
020 ## - INTERNATIONAL STANDARD BOOK NUMBER
International Standard Book Number 0521848687 (hbk.)
040 ## - CATALOGING SOURCE
Original cataloging agency UKM
Transcribing agency UKM
Modifying agency BTCTA
-- YDXCP
-- BWKUK
-- BWK
-- DLC
-- EG-ScBUE
082 00 - DEWEY DECIMAL CLASSIFICATION NUMBER
Classification number 621.382
Edition number 22
Item number RYA
100 1# - MAIN ENTRY--PERSONAL NAME
Personal name Ryan, William E.,
Dates associated with a name 1958-
9 (RLIN) 37134
245 ## - TITLE STATEMENT
Title Channel codes :
Remainder of title classical and modern /
Statement of responsibility, etc William E. Ryan and Shu Lin.
260 ## - PUBLICATION, DISTRIBUTION, ETC. (IMPRINT)
Place of publication, distribution, etc Cambridge, United Kingdom ;
-- New York, United States :
Name of publisher, distributor, etc Cambridge University Press,
Date of publication, distribution, etc 2009.
300 ## - PHYSICAL DESCRIPTION
Extent xvi, 692 p. :
Other physical details charts, forms, tables ;
Dimensions 26 cm.
500 ## - GENERAL NOTE
General note Index : p. 681-692.
504 ## - BIBLIOGRAPHY, ETC. NOTE
Bibliography, etc Includes bibliographical references.
650 #0 - SUBJECT ADDED ENTRY--TOPICAL TERM
Topical term or geographic name as entry element Coding theory
9 (RLIN) 2636
650 #0 - SUBJECT ADDED ENTRY--TOPICAL TERM
Topical term or geographic name as entry element Digital communications
9 (RLIN) 1260
653 ## - INDEX TERM--UNCONTROLLED
Resource For college Engineering, Electrical
Arrived date list January2015
655 ## - INDEX TERM--GENRE/FORM
Form subdivision
-- 34232
700 1# - ADDED ENTRY--PERSONAL NAME
Personal name Lin, Shu,
Dates associated with a name 1937-
9 (RLIN) 36906
942 ## - ADDED ENTRY ELEMENTS (KOHA)
Source of classification or shelving scheme Dewey Decimal Classification
Call number prefix 621.382 RYA
Holdings
Withdrawn status Item status Source of classification or shelving scheme Damaged status Not for loan Vendor Home library Current library Shelving location Date acquired Source of acquisition Cost, normal purchase price Serial Enumeration / chronology Total Checkouts Total Renewals Full call number Barcode Date last seen Date last borrowed Cost, replacement price Koha item type
    Dewey Decimal Classification     Baccah Central Library Central Library First floor 13/01/2015   585.00 21291 1 3 621.382 RYA 000037286 15/07/2025 26/10/2017 731.00 Book - Borrowing